Babbitt / (Record no. 76839)
[ view plain ]
| 000 -LEADER | |
|---|---|
| fixed length control field | 01203cam a22003971 4500 |
| 001 - CONTROL NUMBER | |
| control field | 76839 |
| 003 - CONTROL NUMBER IDENTIFIER | |
| rucl marc code | BD-RjUL |
| 005 - DATE AND TIME OF LATEST TRANSACTION | |
| control field | 20211209082909.0 |
| 008 - FIXED-LENGTH DATA ELEMENTS--GENERAL INFORMATION | |
| fixed length control field | 200126s1922 nyu 000 0 eng |
| 035 ## - SYSTEM CONTROL NUMBER | |
| System control number | (BD-RjUL) |
| 040 ## - CATALOGING SOURCE | |
| Original cataloging agency | DLC |
| Transcribing agency | DLC |
| Modifying agency | m.c. |
| -- | OCL |
| -- | YNG |
| -- | IRU |
| -- | RCD |
| Language of cataloging | eng |
| 041 ## - LANGUAGE CODE | |
| Language code of text/sound track or separate title | eng |
| 049 ## - LOCAL HOLDINGS (OCLC) | |
| Holding library | RCDA |
| 082 ## - DEWEY DECIMAL CLASSIFICATION NUMBER | |
| Edition number | 23 |
| Classification number | 813.52 |
| Author mark and year | LEB 1922 |
| 090 ## - LOCALLY ASSIGNED LC-TYPE CALL NUMBER (OCLC); LOCAL CALL NUMBER (OCLC) | |
| Classification number (OCLC) (R) ; Classification number, CALL (RLIN) (NR) | PS3523.E958 |
| Local cutter number (OCLC) ; Book number/undivided call number, CALL (RLIN) | B1 |
| 099 ## - LOCAL FREE-TEXT CALL NUMBER (OCLC) | |
| Bangla Class number | PS3523.E958.B1 |
| 100 1# - MAIN ENTRY--PERSONAL NAME | |
| Personal name | Lewis, Sinclair, |
| Dates associated with a name | 1885-1951. |
| 9 (RLIN) | 238365 |
| 245 10 - TITLE STATEMENT | |
| Title | Babbitt / |
| Statement of responsibility, etc. | by Sinclair Lewis ... |
| 260 ## - PUBLICATION, DISTRIBUTION, ETC. (IMPRINT) | |
| Place of publication, distribution, etc. | New York : |
| Name of publisher, distributor, etc. | Harcourt, Brace and company , |
| Date of publication, distribution, etc. | [c1922] |
| 300 ## - PHYSICAL DESCRIPTION | |
| Pagination | 3 p.l., 401 p. ; |
| Size | 20 cm. |
| 336 ## - CONTENT TYPE | |
| Content type term | text |
| Content type code | txt |
| Source | rdacontent |
| 337 ## - MEDIA TYPE | |
| Media type term | unmediated |
| Media type code | n |
| Source | rdamedia |
| 338 ## - CARRIER TYPE | |
| Carrier type term | volume |
| Carrier type code | nc |
| Source | rdacarrier |
| 650 ## - SUBJECT ADDED ENTRY--TOPICAL TERM | |
| Topical term or geographic name as entry element | Nineteen twenties |
| Form subdivision | Fiction. |
| 9 (RLIN) | 238366 |
| Topical term or geographic name as entry element | City and town life |
| Form subdivision | Fiction. |
| Geographic subdivision | United States |
| 9 (RLIN) | 238367 |
| Topical term or geographic name as entry element | Businessmen |
| Form subdivision | Fiction. |
| Geographic subdivision | United States |
| 9 (RLIN) | 238368 |
| 910 ## - USER-OPTION DATA (OCLC) | |
| User-option data | OCLC 1445 |
| User-option data | OCLC 1445 |
| User-option data | MARCIVEAUT |
| 942 ## - ADDED ENTRY ELEMENTS (KOHA) | |
| Source of classification or shelving scheme | Dewey Decimal Classification |
| Koha item type | Books |
| 949 ## - LOCAL PROCESSING INFORMATION (OCLC) | |
| a | MYGH |
| b | 39080005066524 |
| Lost status | Source of classification or shelving scheme | Damaged status | Not for loan | Collection code | Permanent Location | Current Location | Shelving location | Date acquired | Total Checkouts | Full call number | Date last seen | Copy number | Koha item type |
|---|---|---|---|---|---|---|---|---|---|---|---|---|---|
| Dewey Decimal Classification | Not For Loan | Non-fiction | Central Library, University of Rajshahi | Central Library, University of Rajshahi | Reading Room | 26/01/2020 | 813.52 LEB 1922 | 26/01/2020 | C-1 | Books |